Responses for show #7254 - Thursday, March 10, 2016

Contestants

[<< previous game]

Danielle Stillman-Diederich, a quality assurance coordinator from Houston, Texas

Norine Noonan, a university professor from Palm Bay, Florida

Katrina Mundinger, a musician from Minneapolis, Minnesota (whose 1-day cash winnings total $7,400)

[next game >>]

Jeopardy! Round responses

FLOWERY PHRASES
CARS
I GIVE IT A 10
"P"EOPLE OF THE BIBLE
IT'S HYPHENATED
TV NETWORK NAMES
    $200 1
(Danielle: What is a violet?)
(Alex: Be more specific.)

a shrinking violet

Danielle
    $200 18
the Model T

Norine
    $200 13
the Dewey decimal system

Katrina
    $200 2
prophets

Danielle
    $200 11
Coca-Cola

Katrina
    $200 9
Sundance

Norine
    $400 7
seed money

Danielle
    $400 19
(Danielle: What is a Town Car?)

the Continental

Danielle
Triple Stumper
    $400 14
Vishnu

Norine
    $400 3
Pontius Pilate

Danielle
    $400 23
mah-jongg

Danielle
    $400 10
Bravo

Danielle
    $600 8
"Everything's Coming Up Roses"

Norine
    $600 20
the Volt

Danielle
    $600 15
children

Norine
    $600 4
the Phoenicians

Danielle
    $600 24
eco-friendly

Katrina
    $600 12
(Norine: What is Columbia?)

Discovery

Norine
Triple Stumper
    $800 21
a late bloomer

Danielle
    $800 30
the Sonata

Katrina
    $800 16
(Danielle: What is a 10k?)

the 1,500 meter

Danielle
Triple Stumper
    $800 5
the Prodigal Son

Danielle
    $800 25
(Alex: Yes, we have less than a minute now.)

mezzo-soprano

Norine
    $800 27
Ion

Katrina
    $1000 22
the poppies

Triple Stumper
    $1000 29
a GTO

Danielle
    $1000 17
Dalton Trumbo

Norine
    $1000 6
(Danielle: What is Philippians?)

Philemon

Danielle
Triple Stumper
    $1,000 26
(Alex: Answer--Daily Double.)
(Norine: Holy crap. Okay.)

Cro-Magnon

Norine
    $1000 28
Hallmark

Danielle

Scores at the first commercial break (after clue 14):

Katrina Norine Danielle
$400 $600 $2,000

Scores at the end of the Jeopardy! Round:

Katrina Norine Danielle
$2,600 $4,200 $4,600

Double Jeopardy! Round responses

THE SUPREME COURT
2-WORD COUNTRIES
PICK UP THE "TAB"
WALT WHITMAN
I SING
THE BODY ELECTRIC
    $400 1
the Dominican Republic

Katrina
    $400 9
taboo

Katrina
    $400 21
(Katrina: What is Staten Island?)
(Danielle: What is Long Island?)

Brooklyn

KatrinaDanielle
Triple Stumper
    $400 11
Budapest

Katrina
    $400 16
electrolysis

Katrina
    $800 2
Costa Rica

Katrina
    $800 8
Tabasco

Danielle
    $2,000 22
Lincoln

Katrina
    $800 12
Glenn Frey

Katrina
    $800 17
static

Danielle
    $1200 3
the Czech Republic

Triple Stumper
    $1200 7
a tablet

Norine
    $1200 23
(Danielle: Who is Thoreau?)
...
(Alex: We have a minute left now.)

(Ralph Waldo) Emerson

KatrinaDanielle
    $1200 13
(Norine: Who is Trisha Yearwood?)
(Danielle: Who is Carrie Underwood?)

Miranda Lambert

NorineDanielle
Triple Stumper
    $1200 18
hypersensitivity

Katrina
    $1600 27
[The end-of-round signal sounds.]

a writ

Norine
    $1600 4
(Katrina: What is Andorra?)
...
(Alex: Andorra, of course, a 1-word country.)

San Marino

Katrina
Triple Stumper
    $1600 6
a tableau

Danielle
    $1600 24
the soul

Triple Stumper
    $1600 14
Queen

Danielle
    $1600 19
(Danielle: What is an EKG?)

an EEG (electroencephalogram)

KatrinaDanielle
    $2000 26
(Danielle: Who is Marshall?)

Roger Taney

Danielle
Triple Stumper
    $2,200 5
(Katrina: What is...)
(Alex: Say something.)
(Katrina: [Sighs] Nothing. Sorry.)

South Sudan

Katrina
    $2000 10
tabbouleh

Danielle
    $2000 25
Lilacs

Danielle
    $2000 15
(Rebecca) Black

Katrina
    $2000 20
axons

Triple Stumper

Scores at the end of the Double Jeopardy! Round:

Katrina Norine Danielle
$9,600 $5,800 $7,000

[wagering suggestions for these scores]

Final Jeopardy! Round responses

WORDS & THEIR USE
NorineWhat is backspace?
$4,000
DanielleWhat is feedback?
$5,000
KatrinaWhat is feedback?
$5,000
feedback

Final scores:

Katrina Norine Danielle
$14,600 $1,800 $12,000
2-day champion: $22,000 3rd place: $1,000 2nd place: $2,000

Game dynamics:

Coryat scores:

Katrina Norine Danielle
$10,600 $5,800 $7,000
16 R
(including 1 DD),
3 W
(including 1 DD)
10 R
(including 1 DD),
2 W
18 R,
8 W

Combined Coryat: $23,400

The J! Archive is created by fans, for fans. The Jeopardy! game show and all elements thereof, including but not limited to copyright and trademark thereto, are the property of Jeopardy Productions, Inc. and are protected under law. This website is not affiliated with, sponsored by, or operated by Jeopardy Productions, Inc. Join the discussion at JBoard.tv.